Central Library OPAC University of Rajshahi

The Czechs in America, 1633-1977 : (Record no. 64533)

MARC details
000 -LEADER
fixed length control field 00983nam a2200277 a 4500
001 - CONTROL NUMBER
control field 64533
003 - CONTROL NUMBER IDENTIFIER
rucl marc code BD-RjUL
005 - DATE AND TIME OF LATEST TRANSACTION
control field 20211209081323.0
008 - FIXED-LENGTH DATA ELEMENTS--GENERAL INFORMATION
fixed length control field 170216s1978 nyua b 001 0 eng d
020 ## - INTERNATIONAL STANDARD BOOK NUMBER
International Standard Book Number 037900528X :
Terms of availability $6.50
035 ## - SYSTEM CONTROL NUMBER
System control number (BD-RjUL)64663
040 ## - CATALOGING SOURCE
Original cataloging agency BD-RjUL
Transcribing agency BD-RjUL
Modifying agency BD-RjUL
Language of cataloging eng
041 ## - LANGUAGE CODE
Language code of text/sound track or separate title eng
082 00 - DEWEY DECIMAL CLASSIFICATION NUMBER
Classification number 973.049186
Edition number 23
Author mark and year CZE 1978
245 04 - TITLE STATEMENT
Title The Czechs in America, 1633-1977 :
Remainder of title a chronology & fact book /
Statement of responsibility, etc. compiled and edited by Vera Laska.
260 ## - PUBLICATION, DISTRIBUTION, ETC. (IMPRINT)
Place of publication, distribution, etc. Dobbs Ferry, N.Y. :
Name of publisher, distributor, etc. Oceana Publications,
Date of publication, distribution, etc. 1978.
300 ## - PHYSICAL DESCRIPTION
Pagination viii, 152 p. :
Illustrations ill. ;
Size 24 cm.
504 ## - BIBLIOGRAPHY, ETC. NOTE
Bibliography, etc Includes bibliography and index.
650 #0 - SUBJECT ADDED ENTRY--TOPICAL TERM
Topical term or geographic name as entry element Czech Americans
General subdivision History
-- Chronology.
9 (RLIN) 191412
Topical term or geographic name as entry element Czech Americans
General subdivision History
-- Sources.
9 (RLIN) 191413
Topical term or geographic name as entry element Czech Americans
General subdivision History.
9 (RLIN) 191414
700 1# - ADDED ENTRY--PERSONAL NAME
Personal name Laska, Vera,
Dates associated with a name 1923-
830 ## - SERIES ADDED ENTRY--UNIFORM TITLE
Uniform title Ethnic chronology series ;
Volume number/sequential designation no. 28
942 ## - ADDED ENTRY ELEMENTS (KOHA)
Source of classification or shelving scheme Dewey Decimal Classification
Koha item type Books
Holdings
Lost status Source of classification or shelving scheme Damaged status Not for loan Collection code Permanent Location Current Location Shelving location Date acquired Source of acquisition Total Checkouts Full call number Date last seen Copy number Koha item type
  Dewey Decimal Classification   Not For Loan Non-fiction Central Library, University of Rajshahi Central Library, University of Rajshahi Reading Room 16/08/1989 Asia foundation   973.049186 CZE 1978 16/02/2017 C-1 Books